000
00330nam a2200133Ia 4500
008
150301s2009 xx 000 0 und d
082
_a
610.7
_b
N10P
100
_a
PARKER, MARILYN
245
_a
NURSING THEORIES AND NURSING PRACTICE
260
_b
FA. DAVIS.
_c
2009
300
_a
477
650
_a
NURSING PRACTICE
942
_2
ddc
_c
BK
999
_c
6865
_d
6865